Vista normal Vista MARC

Entrada Materia (personas)

Número de registros utilizados en: 1

001 - CONTROL NUMBER

  • control field: 80103

003 - CONTROL NUMBER IDENTIFIER

  • control field: Co-BoUCM

005 - DATE AND TIME OF LATEST TRANSACTION

  • control field: 20160914104743.0

008 - FIXED-LENGTH DATA ELEMENTS

  • fixed length control field: 160914|| aca||aabn | a|a d

040 ## - CATALOGING SOURCE

  • Original cataloging agency: Co-BoUCM
  • Transcribing agency: Co-BoUCM

100 ## - HEADING--PERSONAL NAME

  • Personal name: Masur, Gerhard
  • Dates associated with a name: 1901-1975
  • General subdivision: Pensamiento político y social

670 ## - SOURCE DATA FOUND

  • Source citation: Work cat.: (Co-BoUCM)304589: Masur, Gerhard 1901-1975 80101, Paisajes del espíritu , 2016